[Event "Rheinhausen-ch op 18th"]
[Site "Rheinhausen"]
[Date "2014.02.07"]
[Round "3"]
[White "Moseler, Norbert"]
[Black "Ridder, Thomas"]
[Result "0-1"]
[WhiteElo "1248"]
[BlackElo "1496"]
[PlyCount "56"]
[EventDate "2014.01.10"]
[EventType "swiss"]
[EventRounds "7"]
[EventCountry "GER"]
[SourceTitle "EXT 2017"]
[Source "ChessBase"]
[SourceDate "2016.10.25"]
[SourceVersion "1"]
[SourceVersionDate "2016.10.25"]
[SourceQuality "1"]

1. c4 c5 2. Nc3 e6 3. g3 d5 4. Bg2 Nf6 5. e3 Be7 6. d3 0-0 7. Nge2 Nc6 8. 0-0 Rb8 9. a4 Nb4 10. b3 e5 11. f4 d4 12. exd4 exd4 13. Ne4 Bg4 14. Nxf6+ Bxf6 15. h3 Bxe2 16. Qxe2 Re8 17. Qd2 Qe7 18. Be4 g6 19. Ba3 a5 20. Rae1 Qd7 21. Re2 Qxh3 22. Rf3 Qg4 23. Kg2 h5 24. Kh2 Rxe4 25. Ref2 Re7 26. f5 Bg5 27. Rf4 Bxf4 28. Rxf4 Re2+ 0-1